000 00486nam a2200181Ia 4500
003 GCL
008 140319s9999 xx 000 0 eng d
040 _aGCL /
_cGCL
082 0 4 _aCH
_b823
_bA T
100 1 _aALBEE, JO
245 1 0 _aTHERE'S AN ELEPHANT IN THE BATHTUBE /
_cALBEE, JO
700 1 _aCOGHLAN, JEANNE A
260 _a[S.N] :
_bMC CLANAHAN BOOK COMPANY ،
_c1992
650 0 4 _aENGLISH LITERATURE
650 0 4 _aLITERATURE
650 0 4 _aENGLISH FICTION
942 _2ddc
_cBK
999 _c14811
_d14811